000 00313nam a22001337a 4500
008 180921b xxu||||| |||| 00| 0 eng d
020 _a9780078025754
041 _aeng
080 _25 ed
_a330.722
100 _a61
101 _aKON
245 _aFinacial Accounting Fundamentals
_cWild.J.J
942 _2udc
_cBK
999 _c48165
_d48165